000 01397nam a22003374a 4500
001 ebr10075591
003 CaPaEBR
006 m u
007 cr cn|||||||||
008 030829s2004 nyua s 001 0 eng
020 _z9780814427606
020 _z0814407781
040 _aCaPaEBR
_cCaPaEBR
035 _a(OCoLC)70773779
050 1 4 _aHD69.S8
_bS444 2004eb
082 0 4 _a658/.044
_222
100 1 _aSegil, Larraine.
245 1 0 _aMeasuring the value of partnering
_h[electronic resource] :
_bhow to use metrics to plan, develop, and implement successful alliances /
_cLarraine Segil.
260 _aNew York :
_bAMACOM,
_cc2004.
300 _axvii, 279 p. :
_bill.
500 _aIncludes index.
533 _aElectronic reproduction.
_bPalo Alto, Calif. :
_cebrary,
_d2013.
_nAvailable via World Wide Web.
_nAccess may be limited to ebrary affiliated libraries.
650 0 _aInternational business enterprises
_xManagement
_vCase studies.
650 0 _aManagement science
_xComputer simulation.
650 0 _aManagement science
_xMathematical models.
650 0 _aStrategic alliances (Business)
_vCase studies.
650 0 _aStrategic alliances (Business)
_xEvaluation.
655 7 _aElectronic books.
_2local
710 2 _aebrary, Inc.
856 4 0 _uhttp://site.ebrary.com/lib/rucke/Doc?id=10075591
_zAn electronic book accessible through the World Wide Web; click to view
999 _c45635
_d45635